000
00252nam a22001097a 4500
082
_a
600
100
_a
Eberth,Krissy
_9
83410
245
_a
Tesla Creative Companies
260
_a
Delhi
_b
Jaico Publication House
_c
2025
650
_a
Tech.
942
_c
BK
999
_c
68307
_d
68307